=LDR 00000nam 2200000 4500 =001 INLIS000000000004044 =005 20250618014921 =035 ##$$a 0010-0625000249 =007 ta =008 250618################g##########0#eng## =020 ##$$a - =082 ##$$a 304.609.598 =084 ##$$a 304.609.598 IND 1 =245 1#$$a Indonesia Demographic and Health Survey 1997 : $b - /$c Central Bureau of Statistics =250 ##$$a - =260 ##$$a Jakarta :$b State Ministry of Population/National Family Planning Coordinating Board,$c 1998 =300 ##$$a 353 : $b ilus. ; $c 29 cm$e - =650 #4$$a Demographic and healt =110 #$$a Central Bureau of Statistics =520 ##$$a - =710 #$$a State Ministry of Population/National Family Planning Coordinating Board =710 #$$a Ministry of health =856 ##$$a -